al-Mukhtār min shiʻr Ibn al-Dumaynah, (Record no. 88523)
[ view plain ]
| 000 -LEADER | |
|---|---|
| fixed length control field | 01354cam a22003011 4500 |
| 001 - CONTROL NUMBER | |
| control field | sa 68018585 |
| 003 - CONTROL NUMBER IDENTIFIER | |
| control field | DLC |
| 005 - DATE AND TIME OF LATEST TRANSACTION | |
| control field | 20260227112713.0 |
| 008 - FIXED-LENGTH DATA ELEMENTS--GENERAL INFORMATION | |
| fixed length control field | 890922s1963 ii b 000 0 arar |
| 010 ## - LIBRARY OF CONGRESS CONTROL NUMBER | |
| LC control number | sa 68018585 |
| 025 ## - OVERSEAS ACQUISITION NUMBER | |
| Overseas acquisition number | PL480:I-Ar-71 |
| 035 ## - SYSTEM CONTROL NUMBER | |
| System control number | (OCoLC)20383274 |
| 040 ## - CATALOGING SOURCE | |
| Original cataloging agency | DLC |
| Transcribing agency | WaU |
| Modifying agency | WaU |
| -- | DLC |
| 041 0# - LANGUAGE CODE | |
| Language code of text/sound track or separate title | araurd |
| 050 00 - LIBRARY OF CONGRESS CALL NUMBER | |
| Classification number | PJ7741.I16 |
| Item number | M8 |
| 100 2# - MAIN ENTRY--PERSONAL NAME | |
| Personal name | Ibn al-Dumaynah, ʻAbd Allāh ibn ʻUbayd Allāh, |
| Dates associated with a name | -approximately 747. |
| 245 13 - TITLE STATEMENT | |
| Title | al-Mukhtār min shiʻr Ibn al-Dumaynah, |
| Statement of responsibility, etc. | ikhtiyār Abī Bakr Muḥammad wa-Abī ʻUthmān Saʻīd ibnay Hāshim al-maʻrūf[īn] bi-al-Ikhtiyārīn. ʼUniyá bi-nashrihi wa-taḥqīqihi wa-waḍʼ fahārisahu Mukhtār al-Dīn Aḥmad. |
| 260 ## - PUBLICATION, DISTRIBUTION, ETC. | |
| Place of publication, distribution, etc. | [ʻAlīgarh] |
| Name of publisher, distributor, etc. | Maʻhad al-Dirāsāt al-Islāmīyah bi-Jāmiʻat ʻAlīgarh |
| Date of publication, distribution, etc. | [1963] |
| 300 ## - PHYSICAL DESCRIPTION | |
| Extent | 3, 19, 78 p. |
| Dimensions | 25 cm. |
| 490 1# - SERIES STATEMENT | |
| Series statement | Silsilat maṭbūʻāt al-Maʻhad lil-Dirāsāt al-Islāmīyah, |
| Volume/sequential designation | 10 |
| 500 ## - GENERAL NOTE | |
| General note | Introd. in Urdu. |
| 500 ## - GENERAL NOTE | |
| General note | Cover title: al-Mukhtar min shʼr Ibn Dammīnah [by] Khālidayn. |
| 504 ## - BIBLIOGRAPHY, ETC. NOTE | |
| Bibliography, etc. note | Bibliography: p. [70]-74. |
| 700 1# - ADDED ENTRY--PERSONAL NAME | |
| Personal name | Khālidī, Muḥammad ibn Hāshim, |
| Dates associated with a name | -approximately 990, |
| Relator term | comp. |
| 700 1# - ADDED ENTRY--PERSONAL NAME | |
| Personal name | Khālidī, Saʻīd ibn Hāshim, |
| Dates associated with a name | -981 or 982. |
| 700 0# - ADDED ENTRY--PERSONAL NAME | |
| Personal name | Mukhtār al-Dīn, Aḥmad, |
| Relator term | ed. |
| 810 2# - SERIES ADDED ENTRY--CORPORATE NAME | |
| Corporate name or jurisdiction name as entry element | Aligarh Muslim University. |
| Subordinate unit | Institute of Islamic Studies. |
| Title of a work | Publication ; |
| Volume/sequential designation | 10. |
No items available.